| Поле | Инд. | ПП | Название | Значение |
|---|---|---|---|---|
| Тип записи | a | |||
| Библиографический уровень | b | |||
| 001 | Контрольный номер | RU/IS/BASE/103652702 | ||
| 005 | Дата корректировки | 20200522190756.4 | ||
| 084 | a | Индекс другой классификации/Индекс ББК | 65.291.592 | |
| 100 | 1_ | a | Автор | Тяпухин А. |
| q | Полное имя | Тяпухин Алексей | ||
| 245 | a | Заглавие | Производственная логистика | |
| 504 | a | Библиография | Лит.: 16 назв. | |
| 520 | a | Аннотация | Российский опыт рыночных реформ подтверждает небезызвестную истину о том, что без производства продукции и оказания услуг надлежащего качества и в достаточном для удовлетворения нужд потребителя ассортименте невозможно добиться основной цели, стоящей перед обществом, - повышения благосостояния каждой входящей в него личности | |
| 650 | a | Основная рубрика | логистика | |
| a | Основная рубрика | экономика | ||
| a | Основная рубрика | экономика предприятия | ||
| 653 | a | Ключевые слова | информационная логистика | |
| a | Ключевые слова | коммерция | ||
| a | Ключевые слова | коммерческая логистика | ||
| a | Ключевые слова | менеджмент (управление предприятием) | ||
| a | Ключевые слова | организация производства | ||
| a | Ключевые слова | производственная логистика | ||
| a | Ключевые слова | производственное планирование | ||
| a | Ключевые слова | производственный менеджмент | ||
| a | Ключевые слова | промышленные предприятия | ||
| a | Ключевые слова | сервисная логистика | ||
| a | Ключевые слова | складская логистика | ||
| a | Ключевые слова | стратегический менеджмент | ||
| a | Ключевые слова | транспортная логистика | ||
| a | Ключевые слова | управление персоналом (кадровый менеджмент) | ||
| a | Ключевые слова | финансовая логистика | ||
| 700 | a | Автор | Аникеев А. | |
| q | Полное имя | Аникеев Андрей | ||
| 773 | t | Заглавие источника | РИСК: ресурсы, информация, снабжение, конкуренция | |
| d | Дата издания источника | 2003 | ||
| g | Прочая информация | № 1. - С. 31 - 38 : табл., схем. | ||
| w | Контрольный № источника | RU/IS/BASE/102175616 | ||
| 901 | t | Тип документа | b |